| 000 | 00569nam a2200241 a 4500 | ||
|---|---|---|---|
| 001 | nice12345678 | ||
| 003 | IN_TiNIC | ||
| 005 | 20260116011807.0 | ||
| 008 | 050524s0000 beia grp 000 0 ara | ||
| 020 |
_a _c100 |
||
| 082 | 0 | 0 |
_a248 _bABD |
| 100 | _aAbdul Masih, | ||
| 245 | _aTa`azzim-U-Nafsi-Al Rabb | ||
| 260 |
_aBeirut _bMarkaz Ilshabiyata _c0000 |
||
| 300 | _a80p | ||
| 500 | _aincludes index and biblioraphy | ||
| 505 | 2 | _aMaps | |
| 650 | _aSpirituality-Christian | ||
| 700 | 1 | _aAbdul Masih, | |
| 902 | _bSRS | ||
| 942 | _cBK | ||
| 999 |
_c4010 _d4010 |
||